| 000 | 00000nam##2200000za#4500 |
| 001 | 9.533626 |
| 003 | CaOODSP |
| 005 | 20210615083229 |
| 007 | ta |
| 008 | 150406|2000||||xxc||||| f|0| 0 eng|d |
| 020 | |a0-662-64789-0 |
| 040 | |aCaOODSP|beng |
| 041 | |aeng |
| 041 | |afre |
| 043 | |an-cn--- |
| 086 | 1 |aC21-24/32-2000 |
| 110 | 1 |aCanada.|bIndustry Canada. |bMicro-Economic Analysis Directorate. |
| 245 | 14|aThe Canada-U.S. productivity growth paradox / |cby Serge Coulombe. |
| 260 | |aOttawa - Ontario : |bIndustry Canada. |c2000. |
| 300 | |aEnglish text, 32p. : |bgraphs, references ; |c28 cm. |
| 490 | 1 |aWorking paper|vNo. 32 |
| 500 | |a"In this study, we investigate the productivity paradox with an analysis of Canadian and US business sector productivity data since 1961. The main finding of our analysis is that business sector MFP (multifactor productivity) growth estimates provided by Statistics Canada in March 1999 are neither consistent over time nor comparable to U.S. estimates."--Abstract. |
| 504 | |aBibliography. |
| 520 | 3 |aIn this study, we investigate the productivity paradox with an analysis of Canadian and US business sector productivity data since 1961. The main finding of our analysis is that business sector MFP (multifactor productivity) growth estimates provided by Statistics Canada in March 1999 are neither consistent over time nor comparable to U.S. estimates.--Abstract |
| 546 | |aBilingual |
| 563 | |aSoftcover |
| 590 | |a00-30|b2000-07-28 |
| 690 | 07|aIndustrial productivity|2gcpds |
| 690 | 07|aLabour|2gcpds |
| 690 | 07|aProductivity|2gcpds |
| 690 | 07|aEconomic conditions|2gcpds |
| 720 | 1 |aCoulombe, Serge |
| 776 | 0#|tLe paradoxe canado-américain de la croissance de la productivité / |w(CaOODSP)9.601258 |
| 776 | 0#|tThe Canada-U.S. productivity growth paradox / |w(CaOODSP)9.570610 |
| 792 | |tLe paradoxe canado-américain de la croissance de la productivité / |efre|w(CaOODSP)9.533627 |
| 830 | #0|aWorking paper ;|vNo. 32|w(CaOODSP)9.509052 |